|
|
|
|
| LEADER |
00000nla2a2200000 4500 |
| 001 |
230796 |
| 005 |
20231031202609.0 |
| 035 |
|
|
|a (RuTPU)RU\TPU\book\251760
|
| 035 |
|
|
|a RU\TPU\book\251758
|
| 090 |
|
|
|a 230796
|
| 100 |
|
|
|a 20130125d2012 k y0rusy50 ca
|
| 101 |
0 |
|
|a rus
|
| 102 |
|
|
|a RU
|
| 105 |
|
|
|a y z 101zy
|
| 181 |
|
0 |
|a i
|
| 182 |
|
0 |
|a b
|
| 200 |
1 |
|
|a О подготовке магистров по направлению 200100 - приборостроение инновационной деятельности
|b Электронный ресурс
|f А. Н. Гормаков
|
| 203 |
|
|
|a Текст
|c электронный
|
| 225 |
1 |
|
|a Магистерская подготовка: единство научного и образовательного процессов
|
| 230 |
|
|
|a 1 компьютерный файл (pdf; 459 Кб)
|
| 300 |
|
|
|a Заглавие с экрана
|
| 320 |
|
|
|a [Библиогр.: с. 57 (2 назв.)]
|
| 330 |
|
|
|a Показаны проблемы перевооружения промышленности в России и вариант подготовки магистров техники и технологии по направлению 200100 - ПРИБОРОСТРОЕНИЕ к инновационной деятельности в рамках образовательного стандарта третьего поколения
|
| 337 |
|
|
|a Adobe Reader
|
| 463 |
|
1 |
|0 (RuTPU)RU\TPU\book\240708
|t Уровневая подготовка специалистов: государственные и международные стандарты инженерного образования
|o сборник трудов научно-методической конференции, 3-6 апреля 2012 г.
|f Национальный исследовательский Томский политехнический университет (ТПУ)
|v [С. 56-57]
|d 2012
|
| 610 |
1 |
|
|a труды учёных ТПУ
|
| 610 |
1 |
|
|a электронный ресурс
|
| 610 |
1 |
|
|a образование
|
| 610 |
1 |
|
|a магистерская подготовка
|
| 610 |
1 |
|
|a приборостроение
|
| 700 |
|
1 |
|a Гормаков
|b А. Н.
|c российский учёный в области точного приборостроения
|c доцент Томского политехнического университета
|g Анатолий Николаевич
|2 stltpush
|3 (RuTPU)RU\TPU\pers\26483
|
| 801 |
|
2 |
|a RU
|b 63413507
|c 20130201
|g RCR
|
| 856 |
4 |
|
|u http://www.lib.tpu.ru/fulltext/c/2012/C09/018.pdf
|
| 942 |
|
|
|c CF
|